000 00467nam a2200181Ia 4500
001 23232
005 20260414150923.0
008 260414t2000||||xx |||||||||||||| ||spa||
041 _aESP
082 _a627.04
_bL46
100 _aLeón Cuba, Arturo S.
_eAUT
245 0 _aSocavación alrededor de pilares cilíndricos en lechos no cohesivos
_b
260 _c2000
300 _a75 páginas :
_c30 cm.
650 _a0
654 _aCIC
942 _cLIB
_dJUS
_fJUS
_2ddc
_n
999 _c23232
_d23232